00353 2200133 4500245005600000020001700056250002900073650002700102005001900129260003900148041001400187084000900201336000900210 aAl Quran dan tafsirnya jilid 7cLentera AbadihText a978979797192 aEdisi yang disempurnakan aAl Quran dan tafsirnya a20240820090446 aJakartabKementrian Agama RIc2010 aIndonesia aNONE atext